Obytný súbor Arboria Trnava,Bytový dom B02
Na minha lista:
| Autor principal: | |
|---|---|
| Outros Autores: | |
| Formato: | Manuscrito Livro |
| Idioma: | eslovaco |
| Publicado em: |
2016
|
| Assuntos: | |
| Acesso em linha: | http://is.stuba.sk/zp/portal_zp.pl?podrobnosti=117536 https://opac.crzp.sk/?fn=detailBiblioForm&sid=FFEED6484134604A3C72A5B88729 |
| Tags: |
Sem tags, seja o primeiro a adicionar uma tag!
|
MARC
| LEADER | 00000ntm a22000003a 4500 | ||
|---|---|---|---|
| 001 | stuzp57194 | ||
| 003 | SK-STU | ||
| 005 | 20231002095334.7 | ||
| 007 | ta | ||
| 008 | 150427s2015----xo-----f-mn---000-0-slo-d | ||
| 040 | |a STU |b slo | ||
| 041 | 0 | |a slo | |
| 100 | 1 | |a Miklovičová, Jana |u 010270 |4 aut |U SvF Stavebná fakulta |T SvF Katedra technológie stavieb |X 9253 |U V270 |Y 28 |7 A000009253 | |
| 242 | 0 | 1 | |a Residential complex Arboria Trnava , Flat house B02 |y eng |
| 245 | 1 | 0 | |a Obytný súbor Arboria Trnava,Bytový dom B02 |
| 260 | |c 2016 | ||
| 650 | 4 | |a bytový dom |2 slo | |
| 650 | 4 | |a súbežná metóda |2 slo | |
| 650 | 4 | |a okná |2 slo | |
| 650 | 4 | |a concurrent method |2 eng | |
| 650 | 4 | |a flat house |2 eng | |
| 650 | 4 | |a window |2 eng | |
| 700 | 1 | |a Petro, Marek |u 010270 |k Z1 |4 ths |U SvF Stavebná fakulta |T SvF Katedra technológie stavieb |X 18958 |U V270 |Y 28 |7 A000018958 | |
| 856 | 4 | |u http://is.stuba.sk/zp/portal_zp.pl?podrobnosti=117536 | |
| 856 | 4 | |u https://opac.crzp.sk/?fn=detailBiblioForm&sid=FFEED6484134604A3C72A5B88729 | |
| SQL | |a stuzp57194 |b DDP |c SLO |d Obytný súbor Arboria Trnava,Bytový dom B02 |e 9253 |f Miklovičová, Jana |g 010270 |h 18958 |i Petro, Marek |j 20160615 |k 681 |l 01 |m http://is.stuba.sk/zp/portal_zp.pl?podrobnosti=117536 |n I-TS |o 5.2.8. stavebníctvo | ||